Star Wars Directors - Statistics

General Stats
  • This quiz has been taken 29 times
  • The average score is 8 of 13
Answer Stats
Hint Answer % Correct
1977 Star Wars George Lucas
100%
1999 The Phantom Menace George Lucas
100%
2002 Attack of the Clones George Lucas
100%
2005 Revenge of the Sith George Lucas
100%
2015 The Force Awakens J. J. Abrams
71%
2019 The Rise of Skywalker J. J. Abrams
71%
2008 The Clone Wars Theatrical Release Dave Filoni
58%
2017 The Last Jedi Rian Johnson
58%
2026 The Mandalorian and Grogu Jon Favreau
38%
1983 Return of the Jedi Richard Marquand
38%
2018 Solo Ron Howard
38%
2016 Rogue One Gareth Edwards
29%
1980 The Empire Strikes Back Irvin Kershner
29%
No matching quizzes found
Score Distribution
Percent of People with Each Score
Percentile by Number Answered
Your Score History
You have not taken this quiz